000 01085cam a2200193 a 4500
999 _c1980
_d1980
020 _a0534632815
050 0 0 _aBF637.C6
_bJ34
100 1 _aJacobs, Edward E.,
245 1 0 _aGroup counseling :
_bstrategies and skills
_cEd E. Jacobs, Robert L. Masson, Riley L. Harvill.
250 _a5th ed.
260 _aBelmont, CA :
_bThomson/Brooks/Cole,
_c2006.
300 _axvi, 460 p. ;
_c24 cm.
505 _aStages of groups, group process, and therapeutic forces Purpose of groups Planning Getting started : the beginning stage and beginning phase Basic skills for group leaders Focus Cutting off and drawing out Rounds and dyads Exercises Introducing, conducting, and processing exercises Leading the middle stage of a group Using counseling theories in groups Counseling and therapy in groups Closing a session or group Dealing with problem situations Working with specific populations Issues in group counseling.
650 0 _aGroup counseling.
650 0 _aLeadership.
700 1 _aMasson, Robert L.,
700 1 _aHarvill, Riley L.,
942 _cBK